000 01366nam a2200253Ia 4500
008 0000002005 usad 0000000000eng00
020 _a971790272
090 _aPSP00 S26s
245 1 0 _aThe second incarnation
_b: from Zush to Evru
_c/ potography Rocco Ricci, Armin Linke
300 _a32 p.
_c/ 23 cm.
500 _aExposición realizada en Haim Chanin Fine Arts, New York, octubre 29, 2004 enero 15, 2005 \ Alberto Porta nombre real del artista Zush y Evru \ Incluye cronología del artista \ Texto bilingue : inglés español \ Proyecto Ganador Programa Apoyos Concertados FGAA 2010
501 _aThe second incarnation = La segunda encarnación / John Yau ; translated Ariadna Capasso
505 _aOBRAS : Drovesad Edrosivo Omas Of Momesi it Gross Vlo EXceptitud trinitat Mondongo Drevvsa sorud Prayer Vlusovos Dumesvla Evladi Cellovri Somisdre Asura
600 0 0 _aEVRU, 1946/
_xTRABAJOS PICTORICOS \ ZUSH, 1946/
_xTRABAJOS PICTORICOS
650 1 4 _aARTE CONTEMPORANEO ESPAÑOL
650 1 4 _aARTISTAS PLASTICOS ESPAÑOLES EXPOSIONES
650 1 4 _xCATALOGOS
650 1 4 _aDIBUJOS ESPAÑOLES
650 1 4 _xEXPOSICIONES
650 1 4 _aPINTORES ESPAÑOLES
650 1 4 _aPINTURA ESPAÑOLA
700 1 _aRicci, Rocco \ Linke, Armin \ Yau, John \ Caoasso, Ariadna
999 _c12003
_d12003
260 _aNew York : Haim Chanin Fine Arts
_c2005